00265 a2200109 4500001000700000020000600007040001100013100002300024240005200047245004700099362000900146177670 a  cMagnum aMachado, Ana Maria10aArte para criancas arte popular / a pelejalpor10aArte para criancas arte popular / a peleja0 a1899